Music Quiz

Random Music or Clickable Quiz

NOT Bohemian Rhapsody Quiz Stats

 Plays Quiz Updated Jan 13, 2013

Challenge
Share
Tweet
Embed
Score 0/20 Timer 03:00
0 Plays Today
% Correct
ALGEBRA
79%
MEXICO
78.2%
SAUSAGE
76.5%
SIDEKICK
68.3%
SAUCE
66.5%
MILLER
66%
RECIPE
64.1%
NAKED
57.9%
SILVER
52.2%
RHAPSODY
51.6%
% Correct
DEMONS
49.2%
BELLS
45.4%
SACRIFICE
42%
LAUGH
34.2%
HELL
33%
SONG
29%
STORY
28.4%
SIGNS
27.7%
FRIEND
25.3%
HEART
24.2%

You're not logged in!

Compare scores with friends on all Sporcle quizzes.
Join for Free
OR
Log In

You Might Also Like...

Show Comments

Extras

Top Quizzes Today


Score Distribution

Your Account Isn't Verified!

In order to create a playlist on Sporcle, you need to verify the email address you used during registration. Go to your Sporcle Settings to finish the process.

Report this User

Report this user for behavior that violates our Community Guidelines.

Details: